Los filósofos griegos de thales a aristóteles /
Guardado en:
| Autor Principal: | |
|---|---|
| Formato: | Libro |
| Publicado: |
México :
Fondo de Cultura Econ¢mica,
1953
|
| Edición: | 4a. ed. |
| Series: | Los filósofos griegos; No. 88
|
| Materias: | |
| Etiquetas: |
Agregar Etiqueta
Sin Etiquetas, Sea el primero en etiquetar este registro!
|
| LEADER | 01033nam a22002175a 4500 | ||
|---|---|---|---|
| 001 | CEM.cems009462 | ||
| 005 | 20081209114902.0 | ||
| 008 | 130507s1953##################000#0#####d | ||
| 003 | CEMS | ||
| 082 | 0 | 4 | |a 182 |
| 100 | 1 | |a Guthrie, W. K. C. | |
| 245 | 1 | 0 | |a Los filósofos griegos de thales a aristóteles / |c W.K.C. Guthrie |
| 250 | |a 4a. ed. | ||
| 260 | |a México : |b Fondo de Cultura Econ¢mica, |c 1953 | ||
| 300 | |a 161 p. | ||
| 490 | 0 | |a Los filósofos griegos; No. 88 | |
| 505 | 0 | |a Modalidades del pensamiento griego -- Materia y forma (jonios y pitagóricos) -- El problema del movimiento (Heráclito, Parménides y los pluralistas) -- La reacción hacia el humanismo (los sofistas y Sócrates) -- Platón (1: la doctrina de las ideas) -- Platón (2: Respuestas ética y teológica a los sofistas) -- Aristóteles (1: El universo aristotélico) -- Aristóteles (2: Los seres humanos) | |
| 653 | |a Filosofía | ||
| 653 | |a Filosofía antigua | ||
| 653 | |a Filosofía griega | ||
| 859 | |a CEMS |b BIB. CEMS - 11 de abril |h 182 |i G989a4 |p 6393.78 |t Ej.1 | ||
